Statistics for Slovenia Players Biggest Transfers

Click here to take the quiz!

General Stats

  • This quiz has been taken 31 times
  • The average score is 21 of 84

Answer Stats

PlayerFromJoined% Correct
GKJan Oblak14/15BenficaAtletico Madrid
96%
GKJan Oblak09/10Olimpija LjubljanaBenfica
96%
GKSamir Handanovic12/13UdineseInter Milan
86%
CMKevin Kampl17/18Bayer LeverkusenRB Leipzig
82%
CMKevin Kampl14/15RB SalzburgBorussia Dortmund
82%
CMKevin Kampl15/16Borussia DortmundBayer Leverkusen
82%
CMKevin Kampl12/13AalenRB Salzburg
82%
STBenjamin Sesko23/24RB SalzburgRB Leipzig
79%
STBenjamin Sesko19/20DomzaleRB Salzburg
79%
CBBranko Ilic07/08DomzaleReal Betis
57%
AMJosip Ilicic13/14PalermoFiorentina
57%
AMJosip Ilicic17/18FiorentinaAtalanta
57%
AMJosip Ilicic10/11MariborPalermo
57%
STAndraz Sporar22/23Sporting CPPanathinaikos
43%
STAndraz Sporar15/16Olimpija LjubljanaBasel
43%
STAndraz Sporar19/20Slovan BratislavaSporting CP
43%
AMZlatko Zahovic00/01OlympiacosValencia
39%
AMZlatko Zahovic99/00PortoOlympiacos
39%
STMilivoje Novakovic06/07Litex LovechKoln
36%
STTim Matavz07/08GoricaGroningen
29%
STTim Matavz14/15PSVAugsburg
29%
STTim Matavz11/12GroningenPSV
29%
LWBenjamin Verbic15/16CeljeKobenhavn
25%
LWBenjamin Verbic17/18KobenhavnDynamo Kyiv
25%
STJan Mlakar14/15DomzaleFiorentina
25%
STJan Mlakar23/24Hajduk SplitPisa
25%
STJan Mlakar18/19MariborBrighton & Hove Albion
25%
STJan Mlakar17/18FiorentinaMaribor
25%
CMJasmin Kurtic20/21SPALParma
25%
CMJasmin Kurtic18/19AtalantaSPAL
25%
CMJasmin Kurtic13/14PalermoSassuolo
25%
CMJasmin Kurtic15/16SassuoloAtalanta
25%
CMAdam Gnezda Cerin19/20DomzaleNuremberg
21%
CBBostjan Cesar05/06Dinamo ZagrebMarseille
21%
CBJaka Bijol22/23CSKA MoscowUdinese
21%
RBPetar Stojanovic22/23Dinamo ZagrebEmpoli
21%
RBPetar Stojanovic15/16MariborDinamo Zagreb
21%
DMRene Krhin14/15BolognaInter Milan
21%
DMRene Krhin15/16Inter MilanGranada
21%
DMRene Krhin10/11Inter MilanBologna
21%
CMMiha Zajc16/17Olimpija LjubljanaEmpoli
18%
CMMiha Zajc18/19EmpoliFenerbahce
18%
STRobert Beric13/14MariborSturm Graz
18%
STRobert Beric19/20Saint-EtienneChicago Fire
18%
STRobert Beric15/16Rapid ViennaSaint-Etienne
18%
GKVid Belec17/18CarpiBenevento
18%
STZan Vipotnik23/24MariborBordeaux
18%
LBBojan Jokic10/11SochauxChievo Verona
14%
LBBojan Jokic07/08GoricaSochaux
14%
AMSvit Seslar23/24Olimpija LjubljanaEyupspor
14%
AMValter Birsa09/10SochauxAuxerre
14%
AMValter Birsa06/07GoricaSochaux
14%
AMValter Birsa13/14GenoaMilan
14%
CBMiha Mevlja17/18RostovZenit
11%
CBMiha Mevlja19/20ZenitSochi
11%
RWNino Zugelj22/23MariborBodo/Glimt
11%
STZan Celar17/18MariborRoma
11%
STZlatan Ljubijankic12/13GentOmiya Ardija
11%
STZlatan Ljubijankic07/08DomzaleGent
11%
RBMitja Ilenic22/23DomzaleNew York City
7%
STRoman Bezjak16/17HNK RijekaDarmstadt
7%
CBAleksander Knavs01/02FC TirolKaiserslautern
4%
DMArmin Bacinovic10/11MariborPalermo
4%
CMDalibor Stevanovic05/06DomzaleReal Sociedad
4%
STEtien Velikonja12/13MariborCardiff City
4%
CMJan Repas17/18DomzaleCaen
4%
STKlemen Lavric05/06Dynamo DresdenDuisburg
4%
RBMartin Milec14/15MariborStandard Liege
4%
STNik Prelec22/23WSG TirolCagliari
4%
LWTjas Begic23/24VicenzaParma
4%
CMAnej Lovrecic07/08KoperLecce
0%
RWDejan Lazarevic11/12GenoaPadova
0%
RWDejan Lazarevic12/13PadovaGenoa
0%
RWDejan Lazarevic13/14GenoaChievo Verona
0%
LMEnej Jelenic11/12GenoaPadova
0%
DMLeo Stulac23/24EmpoliPalermo
0%
DMLeo Stulac18/19VeneziaParma
0%
DMLeo Stulac19/20ParmaEmpoli
0%
CBLuka Krajnc18/19CagliariFrosinone
0%
CBLuka Krajnc15/16GenoaCagliari
0%
CBLuka Krajnc15/16CesenaGenoa
0%
CBMiral Samardzic16/17HNK RijekaHenan Jianye
0%
CBSinisa Andjelkovic10/11MariborPalermo
0%
LBZan Kolmanic21/22MariborAustin
0%

Score Distribution

Percentile by Number Answered

Percent of People with Each Score

Your Score History

You have not taken this quiz